Cities by Landmark #2 - Statistics

General Stats
  • This quiz has been taken 35,350 times
    25,905 since last reset
  • The average score is 15 of 24
Answer Stats
Landmark City % Correct
Statue of Liberty New York City
100%
Hollywood Sign Los Angeles
94%
Eiffel Tower Paris
93%
The White House Washington D.C.
92%
Statue of Christ the Redeemer Rio de Janeiro
86%
Alcatraz San Francisco
83%
Trafalgar Square London
80%
The Forbidden City Beijing
76%
Burj Khalifa Dubai
73%
Trevi Fountain Rome
73%
Bourbon Street New Orleans
63%
Wailing Wall Jerusalem
59%
St. Basil's Cathedral Moscow
58%
Graceland Memphis
57%
Statue of Rocky Philadelphia
52%
The Great Sphinx Giza
51%
St. Mark's Square Venice
43%
Ryugyong Hotel Pyongyang
41%
The Kaaba Mecca
40%
Hermitage Museum St. Petersburg
37%
Charles Bridge Prague
33%
Tahrir Square Cairo
31%
Lotus Temple  New Delhi
24%
Burns Monument Edinburgh
21%
No matching quizzes found
Score Distribution
Percent of People with Each Score
Percentile by Number Answered
Your Score History
You have not taken this quiz since the last reset